[Event "Hannover-chB"]
[Site "Bueckeburg"]
[Date "2007.11.03"]
[Round "5"]
[White "Van Hettinga, Cornelius"]
[Black "Von Muenchhausen, Joerg"]
[Result "1/2-1/2"]
[WhiteElo "1589"]
[BlackElo "1614"]
[PlyCount "50"]
[EventDate "2007.11.01"]
[EventType "swiss"]
[EventRounds "7"]
[EventCountry "GER"]
[SourceTitle "EXT 2021"]
[Source "ChessBase"]
[SourceDate "2020.10.23"]
[SourceVersion "1"]
[SourceVersionDate "2020.10.23"]
[SourceQuality "1"]

1. c4 c6 2. Nc3 d5 3. cxd5 cxd5 4. d4 Nf6 5. Nf3 Nc6 6. e3 Bg4 7. Be2 e6 8. 0-0 Bd6 9. h3 Bxf3 10. Bxf3 Rc8 11. e4 dxe4 12. Nxe4 Nxe4 13. Bxe4 Bb8 14. d5 exd5 15. Bxd5 0-0 16. Bxc6 Rxc6 17. Qxd8 Rxd8 18. Be3 h6 19. Rad1 Rxd1 20. Rxd1 Be5 21. Rd8+ Kh7 22. Rd7 Ra6 23. Rxb7 Rxa2 24. Rxa7 Rxa7 25. Bxa7 Bxb2 1/2-1/2

[Event "Hannover-chB"]
[Site "Bueckeburg"]
[Date "2007.11.01"]
[Round "2"]
[White "Hapke, Thorsten"]
[Black "Van Hettinga, Cornelius"]
[Result "1/2-1/2"]
[WhiteElo "1594"]
[BlackElo "1589"]
[PlyCount "67"]
[EventDate "2007.11.01"]
[EventType "swiss"]
[EventRounds "7"]
[EventCountry "GER"]
[SourceTitle "EXT 2021"]
[Source "ChessBase"]
[SourceDate "2020.10.23"]
[SourceVersion "1"]
[SourceVersionDate "2020.10.23"]
[SourceQuality "1"]

1. c4 e5 2. Nc3 Nf6 3. g3 Nc6 4. Bg2 Bb4 5. Nf3 d6 6. 0-0 Bxc3 7. bxc3 0-0 8. d3 h6 9. Rb1 Re8 10. Nd2 d5 11. cxd5 Nxd5 12. Qb3 Nb6 13. Ne4 Be6 14. c4 Nd4 15. Qd1 Rb8 16. Nc5 Qc8 17. Nxe6 Qxe6 18. a4 c6 19. e3 Nf5 20. a5 Nd7 21. Ba3 Ne7 22. Qa4 f5 23. Qb3 b6 24. Bxe7 Rxe7 25. Qa4 Nc5 26. Qa3 e4 27. dxe4 Nxe4 28. Bxe4 Qxe4 29. Qd6 Ree8 30. c5 b5 31. Qd4 Qxd4 32. exd4 b4 33. Rb3 Red8 34. Rd1 1/2-1/2

[Event "Hannover-chB"]
[Site "Bueckeburg"]
[Date "2007.11.01"]
[Round "1"]
[White "Van Hettinga, Cornelius"]
[Black "Nolte, Alexander Nicolai"]
[Result "0-1"]
[WhiteElo "1589"]
[BlackElo "1634"]
[PlyCount "62"]
[EventDate "2007.11.01"]
[EventType "swiss"]
[EventRounds "7"]
[EventCountry "GER"]
[SourceTitle "EXT 2021"]
[Source "ChessBase"]
[SourceDate "2020.10.23"]
[SourceVersion "1"]
[SourceVersionDate "2020.10.23"]
[SourceQuality "1"]

1. c4 Nf6 2. Nc3 g6 3. g3 Bg7 4. Bg2 0-0 5. Nf3 c5 6. 0-0 Nc6 7. d3 a6 8. Rb1 Rb8 9. Bf4 d6 10. Qd2 Bd7 11. a3 b5 12. b4 cxb4 13. axb4 bxc4 14. dxc4 Nxb4 15. c5 Nh5 16. Be3 Bf5 17. Rb3 Be6 18. Ra3 dxc5 19. Qxd8 Rfxd8 20. Ne4 c4 21. Bc5 Rd7 22. Bxb4 Rxb4 23. Nc5 Ra7 24. Rxa6 Rxa6 25. Nxa6 Rb6 26. Nc7 Bd7 27. Nd5 Rd6 28. Rd1 Kf8 29. Ng5 Nf6 30. e4 Nxd5 31. exd5 e6 0-1